Una pregunta. 30 años : memoria escrita del banco nacional de datos genéticos /
Guardado en:
| Autor Principal: | |
|---|---|
| Otros Autores: | |
| Formato: | Libro |
| Publicado: |
Buenos Aires :
Ministerio de Ciencia, Tecnología e Innovación Productiva,
2017
|
| Materias: | |
| Etiquetas: |
Agregar Etiqueta
Sin Etiquetas, Sea el primero en etiquetar este registro!
|
| LEADER | 00995nam a22002775a 4500 | ||
|---|---|---|---|
| 001 | CEM.cems014808 | ||
| 005 | 20171009154446.0 | ||
| 008 | 130507s2017##################000#0#####d | ||
| 003 | CEMS | ||
| 020 | |a 9789871632749 | ||
| 082 | 0 | 4 | |a 364.15 |
| 100 | 1 | |a Cholakian, Daniel | |
| 245 | 1 | 0 | |a Una pregunta. 30 años : |b memoria escrita del banco nacional de datos genéticos / |c Daniel Cholakian y Luciana Guglielmo |
| 260 | |a Buenos Aires : |b Ministerio de Ciencia, Tecnología e Innovación Productiva, |c 2017 | ||
| 300 | |a 208 p. | ||
| 505 | 0 | |a Ciencia e identidad -- Generaciones y genética -- Memoria (1984-1993) -- Verdad (1994-2003) -- Justicia (2004-2017) | |
| 653 | |a Comunicación institucional | ||
| 653 | |a Historia | ||
| 653 | |a Historia argentina | ||
| 653 | |a Historia de las instituciones | ||
| 653 | |a Memoria | ||
| 653 | |a Adn | ||
| 653 | |a Genética | ||
| 653 | |a Derechos humanos | ||
| 700 | 1 | |a Guglielmo, Luciana | |
| 859 | |a CEMS |b BIB. CEMS - 11 de abril |h 364.15 |i C547 |p 27392.17 |t Ej.1 | ||
